000 01103nas a2200373 4500
001 BR2011001570
003 BR-BrBNA
005 20231205114911.0
007 ta
008 230509b bl.|||p| |||| 00| 00por d
040 _aBR-BrBNA
_bpor
_cBiblioteca Nacional de Agricultura
041 _a(Pt)
072 _aL02; L51
100 1 _aRispoli, T.B.
100 1 _aRodrigues, I.L.
100 1 _aMartins Neto, R.G.
100 1 _aKazama, R.
100 1 _aPrado, O.P.P.
100 1 _aZeoula, L.M.
100 1 _aArcuri, P.B.
245 1 _aProtozoários ciliados do rúmen de bovinos e bubalinos alimentados com dietas suplementadas com monensina ou própolis
650 _aGADO DE CORTE
650 _aBOS TAURUS
650 _aBÚFALO
650 _aDIETA
650 _aRÚMEN
650 _aPRÓPOLIS
650 _aPROTOZOÁRIO
650 _aANTI-HELMINTICO
650 _aSUPLEMENTO ALIMENTAR
773 0 _tPesquisa Agropecuária Brasileira (Brazil)
_xISSN 0100-204X
_g(Jan 2009), v. 44(1) p. 92-97
_wBR2011001570
909 _a202311
_bLúcia
_c55
_dLúcia Elande
942 _2AGRIS
_n0
_cANA
999 _c211106
_d211106